AH International Schools' Libraries

Peter Rabbit's Happy Easter/ (Record no. 27325)

MARC details
000 -LEADER
fixed length control field 00437nam a2200169Ia 4500
008 - FIXED-LENGTH DATA ELEMENTS--GENERAL INFORMATION
fixed length control field 120921s9999 xx 000 0 und d
020 ## - INTERNATIONAL STANDARD BOOK NUMBER
International Standard Book Number 978-0545037846
100 ## - MAIN ENTRY--PERSONAL NAME
Personal name Maccarone, Grace
9 (RLIN) 60199
245 ## - TITLE STATEMENT
Title Peter Rabbit's Happy Easter/
260 ## - PUBLICATION, DISTRIBUTION, ETC. (IMPRINT)
Place of publication, distribution, etc New York
260 ## - PUBLICATION, DISTRIBUTION, ETC. (IMPRINT)
Name of publisher, distributor, etc Cartwheel Books
260 ## - PUBLICATION, DISTRIBUTION, ETC. (IMPRINT)
Date of publication, distribution, etc 1-Feb-06
300 ## - PHYSICAL DESCRIPTION
Extent unpaged.
300 ## - PHYSICAL DESCRIPTION
Dimensions 7.9 x 7.8 x 0.3 inches
650 ## - SUBJECT ADDED ENTRY--TOPICAL TERM
Topical term or geographic name as entry element Children: Preschool
9 (RLIN) 55451
942 ## - ADDED ENTRY ELEMENTS (KOHA)
Koha item type Board Book
Source of classification or shelving scheme
Holdings
Withdrawn status Lost status Source of classification or shelving scheme Damaged status Not for loan Collection code Home library Current library Shelving location Date acquired Total Checkouts Full call number Barcode Date last seen Date checked out Price effective from Koha item type
          Primary Asian Hope Early Years Library Asian Hope Early Years Library Board Books 06/05/2013 15 FE MAC 211652 05/03/2023 04/19/2023 06/05/2013 Board Book
            Asian Hope Primary Library Asian Hope Primary Library   05/10/2019 7 E MAC 92403 01/24/2025 01/17/2025 05/10/2019 Book

For any Logos Library related questions please contact Miss Art at swongnarasuk@asianhope.org.

For any Asian Hope Library related questions please contact Miss Raza at graza@asianhope.org.

Powered by Koha